Miasta urodzeń reprezentantów Polski - Statystyki

Ogólne statystyki
  • Ten quiz został rozwiązany 34 razy
  • Średni wynik to 7 z 10
Statystyki odpowiedzi
Odpowiedź % Poprawnych
Kraków
100%
Warszawa
100%
Poznań
94%
Gdańsk
91%
Łódź
88%
Katowice
79%
Chorzów
48%
Bytom
33%
Lwów
33%
Ruda Śląska
9%
Nie znaleziono quizów pasujących do podanych kryteriów
Rozkład punktacji
Procent ludzi z każdym wynikiem
Percentyl według liczby udzielonych odpowiedzi
Twoja historia wyników
Nie rozwiązałeś tego quizu